000 01800nam a22003017a 4500
003 DO-SdBNP
005 20250606121936.0
008 210301b 2020 dr ac 00| 0 eng d
020 _a9789945917222
040 _aDO-SdBNP
_bspa
_cBNPHU
082 4 _a398.2097293
_bT266c
100 1 _aTejeda Ortíz, Dagoberto,
_d1940-
_91575
245 1 0 _aIndígenismo, carnaval de identidad en Dominicana /
_cDagoberto Tejeda Ortíz ; presentación Juan Daniel Balcácer ; prólogo José Domínguez (Jochi) ; fotografías Mariano Hernández, Odalis Rosado.
260 _aSanto Domingo :
_bComisión Permanente De Efemérides Patrias
_c2020.
300 _a243 p. :
_bil., fots.;
_c23 cm.
500 _aIncluye datos biográficos del autor en las solapas
504 _aBibliografía: p. 197-202
505 0 _tDedicatoria --
_t-Presentación --
_t -Prólogo --
_t-Introducción --
_tI- El descubrimiento descubierto -
_tII- Indigenismo e Identidad --
_tIII. - Los indios y el carnaval --
_tIV - Comparsas de indios en la ciudad de Santo Domingo --
_tV. - Teatro y carnaval --
_tVI. - La ciudad de Santo Domingo y el barrio de San Carlos --
_tVII. - Comparsa de los indios de San Carlos --
_tVII. - Contenido temático del drama --
_tVIII. - Importancia y trascendencia del indigenismo --
_tIX. - indios, Indígenas y carnaval --.
_tX. - Indigenismo, carnaval y sociedad 185.
590 _aInventariado, 2021 /LP
650 0 _aFolclore
_zRepública Dominicana
_933448
650 0 _aIdentidad nacional
_92163
651 4 _aRepública Dominicana
_xVida social y costumbres
_9405
700 1 _aBalcácer, Juan Daniel,
_d1949-
_epresentación
_96566
700 1 _aDomínguez, José,
_eprólogo
_977962
700 1 _aHernández, Mariano,
_efotografías
_977963
910 _aValidado. Control de calidad MFF
942 _2ddc
_cLBS1
999 _c49467
_d49467